01016cam a22002894a 450000100090000000300040000900500170001300800410003001000170007102000180008802000280010604000180013405000240015208200200017610000350019624500780023125000120030926000490032130000330037050400510040365000240045465000170047870000230049594200460051895201450056499900170070916120133OSt20230819120655.0100305s2011 njua b 001 0 eng  a 2010007380 a9789332550094 a0136006698 (alk. paper) aDLCcDLCdDLC00aHD30.28b.H867 201100a658.4012bHUN/E1 aHunger, J. David,d1941-9932810aEssentials of strategic management /cJ. David Hunger, Thomas L. Wheelen. a5th ed. aUpper Saddle River :bPrentice Hall,cc2011. axv, 190 p. :bill. ;c23 cm. aIncludes bibliographical references and index. 0aStrategic planning. 0aCASE method.1 aWheelen, Thomas L. 2ddccBKh658.4012iHUN/Ek658.4012mHUN/E 00102ddc40708MANAGEMENTaMESbMEScMANAGEMENTd2023-08-19l0o658.4012 HUN/Ep42093r2023-08-19 12:07:42v409.00w2023-08-19yBKzGL55R2 c41905d41905